[Event "Championnat de Martinique Toutes Catégor"]
[Site "Lamentin"]
[Date "2019.05.30"]
[Round "9.4"]
[White "Hebrard, Emmanuel"]
[Black "Gouait, Raymond"]
[Result "1-0"]
[WhiteElo "1663"]
[BlackElo "1612"]
[PlyCount "75"]
[EventDate "2019.??.??"]

1. d4 Nf6 2. c4 e6 3. Nf3 b6 4. e3 Bb7 5. Bd3 Be7 6. O-O d6 7. b3 Nbd7 8. Bb2
O-O 9. Nbd2 c5 10. Re1 Qc7 11. e4 e5 12. d5 Nh5 13. Nxe5 Nxe5 14. Bxe5 dxe5 15.
Qxh5 Qd6 16. Nf1 Bc8 17. Ng3 g6 18. Qe2 Bf6 19. Rf1 Bd7 20. Rae1 Rae8 21. Qc2
Bg7 22. Re2 Bg4 23. f3 Bd7 24. Rfe1 Bh6 25. Nf1 Re7 26. a3 f5 27. exf5 Bxf5 28.
Bxf5 Rxf5 29. Ng3 Rf4 30. Ne4 Qd8 31. Qd3 Bg7 32. b4 Rxe4 33. Rxe4 Qd6 34. b5
Bf6 35. Qe2 Kf7 36. a4 Qc7 37. Qd2 Kg7 38. d6 1-0

[Event "Championnat de Martinique Toutes Catégor"]
[Site "Lamentin"]
[Date "2019.05.30"]
[Round "9.5"]
[White "Evers, Shaman"]
[Black "Alcindor, Samuel"]
[Result "0-1"]
[WhiteElo "1626"]
[BlackElo "1570"]
[PlyCount "60"]
[EventDate "2019.??.??"]

1. e4 c5 2. Nf3 d6 3. d4 cxd4 4. Nxd4 Nf6 5. Nc3 a6 6. Bc4 g6 7. a4 Bg7 8. Be3
Nc6 9. f3 O-O 10. Qd2 Bd7 11. Nxc6 bxc6 12. Bh6 Qb6 13. Bb3 Bxh6 14. Qxh6 d5
15. e5 Ne8 16. O-O-O Ng7 17. g4 Rab8 18. h4 Ne6 19. Ne4 dxe4 20. Rxd7 Nc5 21.
h5 Nxb3+ 22. cxb3 Qxb3 23. hxg6 Qxb2+ 24. Kd1 Qb1+ 25. Qc1 Qb3+ 26. Ke1 fxg6
27. fxe4 Qg3+ 28. Kd2 Rf2+ 29. Kd1 Qf3+ 30. Ke1 Qe2# 0-1

[Event "Championnat de Martinique Toutes Catégor"]
[Site "Lamentin"]
[Date "2019.06.08"]
[Round "9.6"]
[White "Laposte, Nicolas"]
[Black "Chancerel, Dominique"]
[Result "0-1"]
[WhiteElo "1519"]
[BlackElo "1726"]
[PlyCount "112"]
[EventDate "2019.??.??"]

1. e4 c5 2. Nc3 d6 3. f4 a6 4. Nf3 Nc6 5. d4 cxd4 6. Nxd4 Bd7 7. a3 Nf6 8. Be3
e6 9. Be2 Be7 10. Qd2 Rc8 11. Bf3 Qc7 12. O-O h5 13. Rad1 Na5 14. Be2 Ng4 15.
Bxg4 hxg4 16. Qe2 g6 17. f5 gxf5 18. exf5 Nc4 19. fxe6 fxe6 20. Qf2 Nxe3 21.
Qxe3 d5 22. g3 Bc5 23. Qg5 Qd6 24. Qg7 Rf8 25. Rxf8+ Qxf8 26. Qxf8+ Kxf8 27.
Kg2 Kg7 28. Nb3 Bxa3 29. Nxd5 exd5 30. bxa3 Rxc2+ 31. Rd2 Rc3 32. Rb2 Kf6 33.
Na5 b5 34. Rb3 d4 35. Rxc3 dxc3 36. Kf2 Ke5 37. Ke3 c2 38. Nb3 Bf5 39. Kd2 Kd5
40. Kc3 a5 41. a4 bxa4 42. Nc1 Bg6 43. Ne2 Kc5 44. Nc1 Be4 45. Ne2 Bf3 46. Nc1
Bd1 47. Na2 Kd5 48. Kb2 Kc4 49. Ka3 Kd3 50. Kb2 Kd2 51. Nc1 Bf3 52. h3 gxh3 53.
g4 h2 54. g5 h1=Q 55. g6 Qxc1+ 56. Ka2 Bd5# 0-1

[Event "Championnat de Martinique Toutes Catégo"]
[Site "?"]
[Date "2019.06.05"]
[Round "10"]
[White "Anselin, Djavan"]
[Black "Hebrard, Emmanuel"]
[Result "0-1"]
[WhiteElo "1485"]
[BlackElo "1663"]
[PlyCount "86"]
[EventDate "2019.??.??"]

1. e4 e6 2. f4 d5 3. e5 c5 4. Nf3 Nc6 5. c3 Nh6 6. Na3 Nf5 7. Nc2 h5 8. d4 c4
9. Be2 g6 10. Ne3 Nxe3 11. Bxe3 b5 12. Qc2 Be7 13. Rf1 b4 14. Rb1 Qa5 15. Ra1
Rb8 16. Kf2 Bd7 17. Bd2 Kf8 18. Kg1 Kg7 19. Ng5 Qb6 20. Kh1 a5 21. Qd1 a4 22.
Rb1 Qa5 23. Qe1 a3 24. Rf3 b3 25. axb3 a2 26. Ra1 Rxb3 27. Bc1 Nxd4 28. Rh3 Nc2
29. Qh4 Nxa1 30. Nxe6+ Bxe6 31. Qxe7 Bxh3 32. Qf6+ Kg8 33. gxh3 Qb6 34. Qg5 Nc2
35. f5 a1=Q 36. Kg2 Qaa7 37. Kh1 Ne3 38. e6 Nxf5 39. exf7+ Qxf7 40. h4 d4 41.
cxd4 Qd5+ 42. Kg1 Qbxd4+ 43. Kf1 Qh1+ 0-1

[Event "Championnat de Martinique Toutes Catégor"]
[Site "Lamentin"]
[Date "2019.05.30"]
[Round "10.1"]
[White "Verneuil, Pascal"]
[Black "Laposte, Nicolas"]
[Result "1-0"]
[WhiteElo "2112"]
[BlackElo "1519"]
[PlyCount "109"]
[EventDate "2019.??.??"]

1. e4 e5 2. Nf3 Nc6 3. Bc4 Nf6 4. d3 Be7 5. O-O O-O 6. Re1 d6 7. c3 Be6 8. Bb5
a6 9. Ba4 Bg4 10. Nbd2 Nd7 11. h3 Bh5 12. Nf1 Bg6 13. Ng3 Kh8 14. Bc2 Nb6 15.
Qe2 Qd7 16. d4 exd4 17. cxd4 Bf6 18. Be3 Rae8 19. Rad1 Qc8 20. a3 Bd8 21. Bd3
f6 22. Rc1 Qd7 23. Qc2 Na7 24. Red1 d5 25. Nh4 Bf7 26. Bd2 Bg8 27. Nhf5 Rf7 28.
Bb4 Nc6 29. Bc5 Ne7 30. Nxe7 Bxe7 31. Bxb6 cxb6 32. exd5 Rff8 33. Qc7 Qxc7 34.
Rxc7 Bxd5 35. Nf5 Bd8 36. Rxg7 Rg8 37. Rxg8+ Rxg8 38. Ne3 Bc6 39. Bf5 Rg7 40.
d5 Bd7 41. d6 Bxf5 42. Nxf5 Rd7 43. Re1 Kg8 44. g4 Kf7 45. Kg2 Kg6 46. Kg3 h5
47. f3 hxg4 48. fxg4 b5 49. h4 Kf7 50. h5 Bb6 51. b4 a5 52. h6 axb4 53. h7 Rd8
54. Re7+ Kg6 55. Rg7# 1-0

[Event "Championnat de Martinique Toutes Catégor"]
[Site "Lamentin"]
[Date "2019.05.30"]
[Round "10.2"]
[White "Suez-Panama, Gilles"]
[Black "Gouait, Raymond"]
[Result "1-0"]
[WhiteElo "1956"]
[BlackElo "1612"]
[PlyCount "35"]
[EventDate "2019.??.??"]

1. d4 Nf6 2. Nf3 b6 3. c4 Bb7 4. Nc3 e6 5. a3 d5 6. cxd5 exd5 7. g3 a6 8. Bg2
Bd6 9. O-O Nbd7 10. Qc2 O-O 11. Nh4 g6 12. Bg5 Qe8 13. Bh6 Ne4 14. Bxf8 Bxf8
15. Nxe4 dxe4 16. Qxc7 Qc8 17. Rac1 Bd5 18. Qxc8 1-0

[Event "Championnat de Martinique Toutes Catégor"]
[Site "Lamentin"]
[Date "2019.05.30"]
[Round "10.3"]
[White "Chancerel, Dominique"]
[Black "Francois-Haugrin, Said"]
[Result "0-1"]
[WhiteElo "1726"]
[BlackElo "1897"]
[PlyCount "68"]
[EventDate "2019.??.??"]

1. c4 Nf6 2. Nc3 e6 3. g3 Be7 4. Bg2 O-O 5. Nf3 d5 6. cxd5 exd5 7. d4 c6 8. O-O
h6 9. a3 a5 10. Qc2 Bg4 11. Ne5 Be6 12. e3 Nbd7 13. Nxd7 Qxd7 14. Bd2 Bh3 15.
Rad1 Bd6 16. Rfe1 Bxg2 17. Kxg2 Rfe8 18. Qd3 Re7 19. Rb1 Rae8 20. Na4 b5 21.
Nc5 Bxc5 22. dxc5 Ne4 23. Bxa5 Qf5 24. f3 Nxg3 25. Qd4 Ne2 26. Rxe2 Qxb1 27.
Bc3 f6 28. h3 Re5 29. h4 Qc1 30. e4 dxe4 31. fxe4 Qf4 32. Qf2 Qg4+ 33. Kf1 Rxe4
34. Rxe4 Rxe4 0-1

[Event "Championnat de Martinique Toutes Catégor"]
[Site "Lamentin"]
[Date "2019.06.08"]
[Round "10.5"]
[White "Alcindor, Samuel"]
[Black "Grange, Julien"]
[Result "0-1"]
[WhiteElo "1570"]
[BlackElo "1895"]
[PlyCount "142"]
[EventDate "2019.??.??"]

1. e4 d6 2. d4 Nf6 3. Nc3 g6 4. f4 Bg7 5. Nf3 O-O 6. Be2 c5 7. dxc5 Qa5 8. O-O
Qxc5+ 9. Kh1 Nc6 10. Qe1 a6 11. Bd3 Qa5 12. Be3 b5 13. a3 e6 14. Qd2 Ng4 15.
Bg1 h5 16. b4 Qc7 17. Rad1 Bb7 18. Bxb5 Bxc3 19. Qxc3 axb5 20. h3 Qe7 21. hxg4
hxg4 22. Nh2 f5 23. e5 dxe5 24. fxe5 Rad8 25. Bc5 Qh4 26. Kg1 Ne7 27. Bf2 Qh7
28. Rxd8 Rxd8 29. Qc7 Nc6 30. Qb6 Rd5 31. Re1 Qd7 32. Bg3 g5 33. c3 Rd3 34. Re3
Rxe3 35. Qxe3 f4 36. Bxf4 gxf4 37. Qxf4 Qf7 38. Qxg4+ Kf8 39. Nf3 Qf5 40. Qh4
Ne7 41. Qh6+ Ke8 42. Qe3 Bxf3 43. gxf3 Nd5 44. Qc5 Qxe5 45. Qxb5+ Kf7 46. Qd7+
Kf6 47. Qd8+ Kf5 48. Qf8+ Nf6 49. Qg7 Qxc3 50. Qa7 Qc1+ 51. Kf2 Qf4 52. Qa5+ e5
53. b5 Ng4+ 54. Ke1 Qe3+ 55. Kd1 Nf2+ 56. Kc2 Qd3+ 57. Kc1 Qd1+ 58. Kb2 Nd3+
59. Kc3 Qe1+ 60. Kxd3 Qxa5 61. Kc4 Qxa3 62. b6 Qxf3 63. Kc5 e4 64. b7 Qb3 65.
Kc6 e3 66. Kc7 e2 67. b8=Q Qxb8+ 68. Kxb8 e1=Q 69. Kc7 Qe6 70. Kb7 Qd6 71. Ka8
Qd7 0-1

[Event "Championnat de Martinique Toutes Catégor"]
[Site "Lamentin"]
[Date "2019.06.08"]
[Round "10.6"]
[White "Lefrancois, Frederic"]
[Black "Evers, Shaman"]
[Result "1-0"]
[WhiteElo "1504"]
[BlackElo "1626"]
[PlyCount "67"]
[EventDate "2019.??.??"]

1. d4 d5 2. c4 e6 3. Nc3 Nf6 4. Nf3 Be7 5. cxd5 Nxd5 6. e4 Nxc3 7. bxc3 c5 8.
Be2 O-O 9. O-O Qc7 10. Be3 Rd8 11. Qb3 b6 12. Ne5 Bb7 13. f3 Nc6 14. Nxc6 Bxc6
15. Rad1 Bd6 16. e5 Bxe5 17. dxe5 Qxe5 18. c4 Ba4 19. Rxd8+ Rxd8 20. Qa3 Bc6
21. Re1 f5 22. Qc1 h6 23. f4 Qf6 24. Rd1 Rf8 25. Rd6 Be4 26. Qd1 g5 27. Bf3
gxf4 28. Bxf4 Bxf3 29. Qxf3 Qa1+ 30. Rd1 Qxa2 31. Bxh6 Rf7 32. Qh5 Qb2 33. Qg6+
Rg7 34. Rd8# 1-0

[Event "Championnat de Martinique Toutes Catégor"]
[Site "Lamentin"]
[Date "2019.05.30"]
[Round "11.1"]
[White "Francois-Haugrin, Said"]
[Black "Verneuil, Pascal"]
[Result "1-0"]
[WhiteElo "1897"]
[BlackElo "2112"]
[PlyCount "123"]
[EventDate "2019.??.??"]

1. e4 c5 2. Nf3 Nc6 3. Nc3 d6 4. Bb5 e5 5. O-O Be7 6. d3 a6 7. Bxc6+ bxc6 8.
Ne2 f5 9. exf5 Bxf5 10. Ng3 Bg4 11. h3 Bd7 12. c3 Nf6 13. d4 cxd4 14. cxd4 e4
15. Nd2 d5 16. f3 Qc7 17. Ne2 O-O 18. fxe4 dxe4 19. Nc3 c5 20. Ndxe4 Nxe4 21.
Rxf8+ Rxf8 22. Nxe4 Bc6 23. Qb3+ Kh8 24. d5 Bb5 25. Be3 Qe5 26. d6 Bd8 27. Nf2
Qxd6 28. Rd1 Qg6 29. Bxc5 Bc6 30. Ng4 Qe4 31. Qg3 Bc7 32. Nf2 Qc2 33. Qxc7 Qxc5
34. Qg3 h6 35. Re1 Rf5 36. h4 Qd4 37. Re7 Qxb2 38. Nd3 Qa1+ 39. Kh2 Rf1 40. Nf2
Rg1 41. Qxg7+ Qxg7 42. Rxg7 Rf1 43. Rg6 Be8 44. Rxh6+ Kg7 45. Re6 Bb5 46. a4
Rxf2 47. axb5 axb5 48. Rb6 Rb2 49. Kh3 b4 50. g3 Rb1 51. Kg4 Kf7 52. Kg5 Ke7
53. h5 Kd7 54. h6 Kc7 55. Rf6 b3 56. Rf2 b2 57. g4 Kd6 58. Rh2 Re1 59. Rxb2
Re5+ 60. Kg6 Re6+ 61. Kh5 Re7 62. g5 1-0

[Event "Championnat de Martinique Toutes Catégor"]
[Site "Lamentin"]
[Date "2019.05.30"]
[Round "11.2"]
[White "Evers, Shaman"]
[Black "Suez-Panama, Gilles"]
[Result "0-1"]
[WhiteElo "1626"]
[BlackElo "1956"]
[PlyCount "120"]
[EventDate "2019.??.??"]

1. e4 g6 2. d4 Bg7 3. Nc3 c5 4. Be3 Qa5 5. Qd2 cxd4 6. Bxd4 Nf6 7. Be3 Nc6 8.
f3 h6 9. h4 Nh5 10. Nge2 d6 11. g4 Ne5 12. Nd4 Nf6 13. O-O-O Bd7 14. Kb1 Rc8
15. Be2 Nc4 16. Bxc4 Rxc4 17. g5 hxg5 18. hxg5 Nh5 19. f4 O-O 20. Nd5 Qxd2 21.
Nxe7+ Kh7 22. Rxd2 Re8 23. b3 Rxd4 24. Bxd4 Rxe7 25. Bxg7 Kxg7 26. Rxd6 Bc6 27.
f5 Rxe4 28. f6+ Kh7 29. Rd8 Rg4 30. Re1 Rxg5 31. Re7 Bd5 32. c4 Be6 33. Rxb7
Nxf6 34. Rxa7 Rg1+ 35. Kb2 g5 36. c5 Rg2+ 37. Kc3 Ne4+ 38. Kb4 Rc2 39. Ra5 g4
40. Rd4 Nc3 41. a4 Ne2 42. Rd1 g3 43. Kb5 Nc3+ 44. Kb6 Nxd1 45. c6 f5 46. Re5
g2 47. Re1 Ne3 48. Rg1 Bxb3 49. a5 Nd5+ 50. Kb7 Bc4 51. c7 Ne7 52. c8=Q Bd5+
53. Kb6 Nxc8+ 54. Kb5 f4 55. a6 f3 56. a7 f2 57. Rxg2 f1=Q+ 58. Kb4 Qb1+ 59.
Ka5 Rxg2 60. a8=Q Ra2# 0-1

[Event "Championnat de Martinique Toutes Catégor"]
[Site "Lamentin"]
[Date "2019.06.09"]
[Round "11.3"]
[White "Hebrard, Emmanuel"]
[Black "Chancerel, Dominique"]
[Result "0-1"]
[WhiteElo "1663"]
[BlackElo "1726"]
[PlyCount "74"]
[EventDate "2019.??.??"]

1. d4 d5 2. c4 e6 3. Nc3 Nf6 4. Bg5 Nbd7 5. e3 c6 6. cxd5 exd5 7. Bd3 Be7 8.
Qc2 h6 9. Bh4 Nb6 10. Nge2 Be6 11. f3 O-O 12. e4 dxe4 13. fxe4 Ng4 14. Bxe7
Qxe7 15. Qd2 Rad8 16. h3 Nf6 17. O-O-O Bc4 18. g4 Nfd7 19. h4 Ne5 20. Bc2 Nxg4
21. Rdg1 Bxe2 22. Nxe2 h5 23. Nf4 g6 24. e5 Nd5 25. Bd1 Nxf4 26. Bxg4 Ne6 27.
Bxh5 Rxd4 28. Qf2 Qc5+ 29. Qc2 Rc4 30. Bxg6 fxg6 31. Rxg6+ Ng7 32. Rg2 Rxc2+
33. Rxc2 Qxe5 34. Kb1 Qe4 35. Rhc1 Rf2 36. b3 Nf5 37. h5 Nd4 0-1

[Event "Championnat de Martinique Toutes Catégor"]
[Site "Lamentin"]
[Date "2019.05.30"]
[Round "11.5"]
[White "Laposte, Nicolas"]
[Black "Alcindor, Samuel"]
[Result "1-0"]
[WhiteElo "1519"]
[BlackElo "1570"]
[Annotator "Doe,John"]
[PlyCount "137"]
[EventDate "2019.??.??"]

1. e4 c5 2. Nc3 Nc6 3. Bb5 e6 4. Bxc6 bxc6 5. Nf3 d5 6. d3 Bd6 7. O-O Ne7 8.
Re1 O-O 9. Bg5 Qd7 10. Qd2 Ng6 11. Nh4 Qc7 12. Nxg6 fxg6 13. Qe2 Bxh2+ 14. Kh1
Bf4 15. Bxf4 Qxf4 16. Kg1 Bd7 17. Na4 Qd6 18. Qd2 Rf4 19. e5 Qf8 20. Nxc5 Bc8
21. d4 Rb8 22. c3 Qf5 23. g3 Rf3 24. b3 Rb6 25. Re3 Rxe3 26. Qxe3 a5 27. Qd3
Qf7 28. Kg2 Qe7 29. Qe3 Ba6 30. Qf4 Bc8 31. Rh1 Rb8 32. Qh4 Qxh4 33. Rxh4 Ra8
34. Rh1 Ra7 35. Rb1 Kf7 36. a4 Ra8 37. b4 Rb8 38. Rb2 Ke7 39. Nd3 Ba6 40. bxa5
Rxb2 41. Nxb2 Kd7 42. Kf3 c5 43. dxc5 Kc6 44. Ke3 Kxc5 45. Nd3+ Kc4 46. Nb4 Bb7
47. Nc2 Kc5 48. Nd4 Bc8 49. f4 Kc4 50. a6 Bxa6 51. Nxe6 Kxc3 52. Nd4 Kb4 53.
Ne6 Bc4 54. Kd4 Bb3 55. Nxg7 Kxa4 56. e6 Kb4 57. e7 Ba4 58. e8=Q Bxe8 59. Nxe8
h6 60. Kxd5 Kc3 61. Ke5 Kd3 62. Kf6 g5 63. fxg5 hxg5 64. Kxg5 Ke4 65. g4 Ke5
66. Kh6 Ke6 67. Kg6 Ke7 68. g5 Kf8 69. Kh7 1-0

[Event "Championnat de Martinique Toutes Catégor"]
[Site "Lamentin"]
[Date "2019.06.09"]
[Round "11.6"]
[White "Gouait, Raymond"]
[Black "Anselin, Djavan"]
[Result "0-1"]
[WhiteElo "1612"]
[BlackElo "1485"]
[PlyCount "80"]
[EventDate "2019.??.??"]

1. d4 d5 2. Nf3 Nf6 3. c4 e6 4. Bg5 Be7 5. Nc3 O-O 6. e3 h6 7. Bh4 Nbd7 8. Be2
b6 9. cxd5 Nxd5 10. Bxe7 Nxe7 11. Rc1 Bb7 12. O-O Rc8 13. Bd3 Nf6 14. Qe2 Ned5
15. Ba6 Nxc3 16. bxc3 Qd5 17. Bxb7 Qxb7 18. a4 Rfd8 19. Rb1 Ne4 20. Rfc1 c5 21.
a5 cxd4 22. cxd4 Nc3 23. Qb2 Nxb1 24. Rxb1 Rc7 25. h3 Rb8 26. Qa2 Qc8 27. axb6
Rxb6 28. Rf1 a6 29. Ne5 Rc1 30. Nd3 Rxf1+ 31. Kxf1 Qc3 32. Ke2 a5 33. Qd2 Qxd2+
34. Kxd2 a4 35. Kc2 a3 36. Nc1 Rb2+ 37. Kc3 Rxf2 38. Kb3 Rxg2 39. Kxa3 Rg3 40.
Kb4 Rxe3 0-1